000
00281nam a22001217a 4500
999
_c
155381
_d
155381
082
_a
_b
100
_a
Shakuntala Panchal
245
_a
Bhushan shabd kosh/
_c
by Shakuntala Panchal.
260
_a
Kanpur:
_b
Abhay Prakashan,
_c
2005.
300
_a
399p.
650
_a
942
_c
BK